[Event "Seattle Seafair Open"]
[Site "Chess.com"]
[Date "2020.07.19"]
[Round "?"]
[White "Lenderman, Aleksandr"]
[Black "Whale, Nicholas"]
[Result "1-0"]
[WhiteElo "2717"]
[BlackElo "2065"]
[PlyCount "127"]
[EventDate "2020.??.??"]

1. d4 Nf6 2. c4 g6 3. g3 Bg7 4. Bg2 O-O 5. Nc3 d6 6. Nf3 c6 7. O-O Qa5 8. e4
Qh5 9. Ng5 Qxd1 10. Rxd1 h6 11. Nf3 Rd8 12. h3 Na6 13. Be3 Be6 14. d5 Bd7 15.
e5 Ne8 16. dxc6 Bxc6 17. exd6 Nxd6 18. Nd2 Bxg2 19. Kxg2 Bxc3 20. bxc3 Nf5 21.
Nf1 Nxe3+ 22. Nxe3 e6 23. Rd4 Kf8 24. Rad1 Ke7 25. Ng4 h5 26. Ne5 Rxd4 27. cxd4
b6 28. Rd3 g5 29. Rf3 f6 30. Nc6+ Kd6 31. d5 Rf8 32. Ra3 exd5 33. cxd5 Kxd5 34.
Ne7+ Ke6 35. Rxa6 Kxe7 36. Rxa7+ Kd6 37. Rb7 Kc6 38. Rh7 Ra8 39. Rh6 Rxa2 40.
Rxf6+ Kc5 41. Rf5+ Kc4 42. Rxg5 b5 43. Rxh5 b4 44. Rh4+ Kc3 45. Rh8 b3 46. Rc8+
Kd2 47. Rb8 Kc2 48. h4 b2 49. h5 b1=Q 50. Rxb1 Kxb1 51. g4 Ra6 52. g5 Ra5 53.
f4 Kc2 54. h6 Ra4 55. h7 Rxf4 56. h8=Q Rg4+ 57. Kf3 Rxg5 58. Qc8+ Kb3 59. Qb8+
Kc3 60. Qc7+ Kb3 61. Qf7+ Kc2 62. Qc4+ Kb2 63. Qe2+ Kb1 64. Qd1+ 1-0

[Event "Seattle Seafair Open"]
[Site "Chess.com"]
[Date "2020.07.18"]
[Round "?"]
[White "Lenderman, Aleksandr"]
[Black "Tran, Nugen"]
[Result "1-0"]
[WhiteElo "2717"]
[BlackElo "1047"]
[PlyCount "67"]
[EventDate "2020.??.??"]

1. Nf3 d5 2. e3 Nf6 3. c4 e6 4. Nc3 Be7 5. b3 c5 6. Bb2 Nc6 7. cxd5 exd5 8. d4
Be6 9. dxc5 Bxc5 10. Bb5 O-O 11. O-O a6 12. Bxc6 bxc6 13. Rc1 Ba7 14. Na4 Rc8
15. Qd3 a5 16. Ng5 g6 17. Qa6 Bb8 18. Nxe6 fxe6 19. Bxf6 Qc7 20. g3 Rxf6 21.
Rc2 e5 22. Rfc1 Qa7 23. Qxc8+ Kf7 24. Rxc6 Rf3 25. Rc7+ Bxc7 26. Rxc7+ Qxc7 27.
Qxc7+ Kf6 28. Qd6+ Kf5 29. Qxd5 Kg4 30. h3+ Kxh3 31. Qxf3 e4 32. Qxe4 g5 33.
Qf5+ g4 34. Qh5# 1-0

[Event "Seattle Seafair Open"]
[Site "Chess.com"]
[Date "2020.07.19"]
[Round "?"]
[White "Levine, Joseph"]
[Black "Moore, Michael"]
[Result "1-0"]
[WhiteElo "2179"]
[BlackElo "1950"]
[PlyCount "113"]
[EventDate "2020.??.??"]

1. e4 c5 2. Nf3 d6 3. d4 cxd4 4. Nxd4 Nf6 5. Nc3 a6 6. Bd3 e5 7. Nde2 Be7 8.
O-O O-O 9. Ng3 Nc6 10. Nd5 Be6 11. c4 b5 12. cxb5 axb5 13. Bxb5 Nd4 14. Bc4
Bxd5 15. exd5 Qc8 16. b3 Qc5 17. Be3 Nxd5 18. Nf5 Bf6 19. Bxd4 exd4 20. Qf3 Nc3
21. Nh6+ gxh6 22. Qxf6 Qe5 23. Qxh6 d5 24. Bd3 Qg7 25. Qh4 Nxa2 26. Rae1 Rae8
27. f4 Nb4 28. Rxe8 Rxe8 29. Rf3 Nxd3 30. Rxd3 Re3 31. Qd8+ Qf8 32. Qxf8+ Kxf8
33. Rxd4 Rxb3 34. Rxd5 Rb4 35. g3 Rb2 36. Rd1 Kg7 37. Rf1 Kf6 38. Rf2 Rb5 39.
Kg2 Kf5 40. Re2 f6 41. Kf3 Rb3+ 42. Re3 Rxe3+ 43. Kxe3 Kg4 44. Kf2 Kh3 45. Kg1
h5 46. Kf2 Kxh2 47. f5 Kh3 48. Kf3 Kh2 49. g4 h4 50. g5 fxg5 51. f6 Kh3 52. f7
g4+ 53. Ke2 g3 54. f8=Q g2 55. Kf2 Kh2 56. Qf4+ Kh3 57. Qf3+ 1-0

[Event "Seattle Seafair Open"]
[Site "Chess.com"]
[Date "2020.07.18"]
[Round "?"]
[White "Levine, Joseph"]
[Black "Ingram, Richard"]
[Result "1-0"]
[WhiteElo "2179"]
[BlackElo "1880"]
[PlyCount "89"]
[EventDate "2020.??.??"]

1. e4 c5 2. Nf3 Nc6 3. d4 cxd4 4. Nxd4 Nf6 5. Nc3 d6 6. Bc4 e6 7. O-O a6 8.
Nxc6 bxc6 9. Qe2 Be7 10. Bf4 e5 11. Bg5 O-O 12. Rad1 Be6 13. h3 a5 14. b3 Qc7
15. Rd2 Rfd8 16. Rfd1 Ne8 17. Be3 Rab8 18. f3 Rb4 19. Ba6 Rbb8 20. a3 Nf6 21.
Bc4 h6 22. Bxe6 fxe6 23. Qc4 Qd7 24. f4 exf4 25. Bxf4 Ne8 26. Na4 Qc8 27. Kh1
d5 28. Qe2 Rb7 29. e5 Bxa3 30. Qg4 Kh7 31. Rd3 Qd7 32. Bd2 Qf7 33. Bxa5 Rdd7
34. Ra1 Bf8 35. Rf3 Qg8 36. Raf1 Be7 37. Nb6 Rdc7 38. Rf7 Bc5 39. Rxc7 Rxc7 40.
Na4 Ra7 41. Nxc5 Rxa5 42. Nxe6 g5 43. Rf8 Qg6 44. Rf2 Ra7 45. Nf8+ 1-0

[Event "Seattle Seafair Open"]
[Site "Chess.com"]
[Date "2020.07.18"]
[Round "?"]
[White "Li, Edward"]
[Black "Nallappa, Vijay"]
[Result "1-0"]
[WhiteElo "1595"]
[BlackElo "734"]
[PlyCount "111"]
[EventDate "2020.??.??"]

1. e4 c5 2. Nf3 d6 3. d4 cxd4 4. Nxd4 Nf6 5. Nc3 g6 6. Bc4 Bg7 7. Be3 O-O 8.
O-O Nc6 9. Nxc6 bxc6 10. h3 Bb7 11. Qf3 Nxe4 12. Nxe4 d5 13. Nc5 Qc7 14. Be2 d4
15. Bf4 e5 16. Bh2 Bc8 17. Nb3 Bf5 18. Nxd4 e4 19. Qb3 Qd7 20. Nxf5 Qxf5 21.
Rad1 Be5 22. Bxe5 Qxe5 23. c3 Rfb8 24. Qc2 Qe6 25. b3 c5 26. Bc4 Qe5 27. Bd5
Rc8 28. Bxa8 Rxa8 29. Rfe1 Re8 30. c4 f5 31. Rd7 Ra8 32. Qd2 Qe8 33. Qd5+ Kh8
34. Qb7 Qg8 35. Rxh7+ Qxh7 36. Qxa8+ Qg8 37. Qxg8+ Kxg8 38. f3 exf3 39. gxf3
Kf7 40. Re5 Kf6 41. Rxc5 Ke6 42. Rc6+ Ke7 43. Rxg6 Kf7 44. Ra6 Ke7 45. Rxa7+
Kf6 46. c5 Ke6 47. c6 Kd6 48. c7 Kd7 49. b4 Kc8 50. b5 Kd7 51. b6 Kc8 52. Ra8+
Kb7 53. c8=Q+ Kxb6 54. Ra6+ Kb5 55. Qc6+ Kb4 56. Ra4# 1-0

[Event "Seattle Seafair Open"]
[Site "Chess.com"]
[Date "2020.07.18"]
[Round "?"]
[White "Li, Edward"]
[Black "Kaur, Jind"]
[Result "1-0"]
[WhiteElo "1595"]
[BlackElo "1336"]
[PlyCount "49"]
[EventDate "2020.??.??"]

1. e4 c5 2. Nf3 Nc6 3. d4 cxd4 4. Nxd4 g6 5. Nc3 Bg7 6. Be3 Nf6 7. Bc4 O-O 8.
O-O Ng4 9. Qxg4 Nxd4 10. Qd1 Nc6 11. Qd2 Ne5 12. Bb3 Qc7 13. Nd5 Qd8 14. Bg5
Nc6 15. c3 Re8 16. Qf4 Be5 17. Qh4 Bg7 18. f4 h5 19. f5 b6 20. fxg6 fxg6 21.
Nxe7+ Kh7 22. Nxg6 Kxg6 23. Bf7+ Kh7 24. Qxh5+ Bh6 25. Qxh6# 1-0

[Event "Seattle Seafair Open"]
[Site "Chess.com"]
[Date "2020.07.19"]
[Round "?"]
[White "Li, Edward"]
[Black "Shubin, Daniel"]
[Result "1-0"]
[WhiteElo "1595"]
[BlackElo "2161"]
[PlyCount "85"]
[EventDate "2020.??.??"]

1. e4 e6 2. d4 d5 3. Nc3 Bb4 4. e5 c5 5. a3 Bxc3+ 6. bxc3 Ne7 7. Qg4 Qc7 8.
Qxg7 Rg8 9. Qxh7 cxd4 10. Qd3 dxc3 11. Ne2 Nbc6 12. Qxc3 Bd7 13. g3 Rg4 14. Bf4
O-O-O 15. Bg2 d4 16. Qc5 Nf5 17. Bh3 b6 18. Qc4 Rg7 19. Bxf5 exf5 20. e6 Bxe6
21. Bxc7 Bxc4 22. Bxd8 Kxd8 23. Nf4 f6 24. O-O-O Kc7 25. Rhe1 Rd7 26. h4 b5 27.
h5 a5 28. Ne6+ Kb6 29. h6 b4 30. Rh1 bxa3 31. h7 a2 32. Kb2 Rb7 33. h8=Q Ka7+
34. Ka1 Bxe6 35. Qxf6 Bd5 36. Qxf5 Nb4 37. Rh7 d3 38. Rxb7+ Kxb7 39. Qd7+ Kb6
40. cxd3 Kc5 41. Rc1+ Kd4 42. Qa7+ Kxd3 43. Qe3# 1-0

[Event "Seattle Seafair Open"]
[Site "Chess.com"]
[Date "2020.07.18"]
[Round "?"]
[White "Li, Emma"]
[Black "Wang, Felicity"]
[Result "0-1"]
[WhiteElo "1342"]
[BlackElo "1667"]
[PlyCount "48"]
[EventDate "2020.??.??"]

1. e4 e5 2. Nf3 Nc6 3. Nc3 Nf6 4. Bb5 Bd6 5. O-O O-O 6. d3 Re8 7. Re1 h6 8. Be3
Bf8 9. Qd2 d5 10. exd5 Nxd5 11. Bxc6 bxc6 12. h3 f5 13. Qe2 Ba6 14. Bd2 e4 15.
Nd4 Qf6 16. Nxd5 cxd5 17. Bc3 c5 18. Nb3 d4 19. Ba5 Qg6 20. Qd2 Bd6 21. Rad1 f4
22. dxe4 f3 23. g3 Qe6 24. Kh2 Bc8 0-1

[Event "Seattle Seafair Open"]
[Site "Chess.com"]
[Date "2020.07.18"]
[Round "?"]
[White "Li, Emma"]
[Black "Sairam, Pranav"]
[Result "0-1"]
[WhiteElo "1342"]
[BlackElo "2087"]
[PlyCount "68"]
[EventDate "2020.??.??"]

1. e4 e5 2. Nf3 Nf6 3. Nxe5 d6 4. Nf3 Nxe4 5. Nc3 Nxc3 6. dxc3 Be7 7. Be2 Nc6
8. O-O Bg4 9. h3 Bh5 10. Bf4 Qd7 11. Re1 O-O-O 12. Bb5 g5 13. Bxc6 Qxc6 14.
Rxe7 gxf4 15. Ne5 dxe5 16. Qxh5 Rhg8 17. f3 Rd2 18. Qf5+ Kb8 19. Qe4 Qc5+ 20.
Kh1 Qxe7 21. Rg1 Qh4 22. Qf5 Qg3 23. Qxf7 Rxg2 24. Qxg8+ Qxg8 25. Rxg2 Qxa2 26.
Kh2 b6 27. b3 Qb2 28. c4 Qc3 29. Rf2 Qe3 30. Kg2 h5 31. h4 e4 32. fxe4 Qg3+ 33.
Kf1 Qxh4 34. Ke2 Qg3 0-1

[Event "Seattle Seafair Open"]
[Site "Chess.com"]
[Date "2020.07.18"]
[Round "?"]
[White "Liu, Morris"]
[Black "Kaur, Aradh"]
[Result "0-1"]
[WhiteElo "101"]
[BlackElo "1651"]
[PlyCount "26"]
[EventDate "2020.??.??"]

1. e4 e5 2. Nf3 Nc6 3. Bc4 Be7 4. O-O Nf6 5. Nc3 d6 6. d3 Bg4 7. h3 Bh5 8. Qe1
Bxf3 9. gxf3 Nd4 10. f4 Nf3+ 11. Kh1 Nxe1 12. Rxe1 Qd7 13. Rg1 Qxh3# 0-1

[Event "Seattle Seafair Open"]
[Site "Chess.com"]
[Date "2020.07.18"]
[Round "?"]
[White "Liu, Yuntao"]
[Black "Du, Shuhan"]
[Result "0-1"]
[WhiteElo "1059"]
[BlackElo "1814"]
[PlyCount "90"]
[EventDate "2020.??.??"]

1. b3 e5 2. Bb2 Nc6 3. e3 d5 4. Bb5 Bd6 5. f4 Qe7 6. Nf3 Bg4 7. fxe5 Bxe5 8.
Bxe5 Bxf3 9. Qxf3 Qxe5 10. Nc3 Nf6 11. O-O O-O 12. Qh3 Ne7 13. Bd3 Ng6 14. Rf5
Qd6 15. Ne2 Ne4 16. Bxe4 dxe4 17. Rd1 Rad8 18. Nf4 Qd7 19. Rh5 Nxf4 20. exf4
Qd4+ 21. Kh1 h6 22. Qg3 e3 23. d3 Kh8 24. Rf1 Rfe8 25. h3 e2 26. Re1 Qc3 27.
Qh4 Qxc2 28. f5 Qc6 29. Rxe2 Rxe2 30. Qxd8+ Kh7 31. Qg5 Re1+ 32. Kh2 Qd6+ 33.
Qg3 Rh1+ 34. Kxh1 Qxg3 35. d4 Qf2 36. d5 Qe2 37. g4 g6 38. fxg6+ fxg6 39. d6
gxh5 40. dxc7 Qd1+ 41. Kg2 Qc2+ 42. Kg3 Qxc7+ 43. Kh4 Qf4 44. b4 hxg4 45. hxg4
Qh2# 0-1

[Event "Seattle Seafair Open"]
[Site "Chess.com"]
[Date "2020.07.19"]
[Round "?"]
[White "Lopez, Francisco"]
[Black "Devadithya, Hiruna"]
[Result "1-0"]
[WhiteElo "1778"]
[BlackElo "1148"]
[PlyCount "119"]
[EventDate "2020.??.??"]

1. d4 d5 2. Bg5 Nc6 3. Nf3 Bf5 4. c3 h6 5. Bf4 Nf6 6. Nbd2 e6 7. h3 Bd6 8. Bxd6
cxd6 9. e3 e5 10. Be2 O-O 11. Qb3 Qc7 12. g4 Be4 13. Nxe4 dxe4 14. Nh4 exd4 15.
exd4 Rfe8 16. Nf5 Ne7 17. Ne3 Ng6 18. h4 Nh7 19. Nd5 Qc8 20. O-O-O a6 21. Nb6
Qc7 22. Nxa8 Rxa8 23. Qc4 Qxc4 24. Bxc4 Rc8 25. Bd5 b5 26. Bxe4 Nf6 27. Bxg6
fxg6 28. f3 b4 29. Kd2 bxc3+ 30. bxc3 Nd5 31. Rc1 Kf7 32. Rhe1 g5 33. hxg5 hxg5
34. Rc2 g6 35. Rb1 Rc7 36. c4 Ne7 37. Rb6 d5 38. c5 a5 39. Rcb2 Ra7 40. Rb7 Ra8
41. R2b6 Rc8 42. Rd6 Kf8 43. Rf6+ Kg7 44. Re6 Kf8 45. Rexe7 a4 46. Rh7 Kg8 47.
Rbg7+ Kf8 48. Rh8+ Kxg7 49. Rxc8 Kf7 50. Rd8 Ke6 51. Rd6+ Ke7 52. Kc3 a3 53.
Kb3 Kf7 54. Kxa3 Kg7 55. Kb4 Kh6 56. c6 Kh7 57. c7 Kg7 58. c8=Q Kh7 59. Rd7+
Kh6 60. Qh8# 1-0

[Event "Seattle Seafair Open"]
[Site "Chess.com"]
[Date "2020.07.18"]
[Round "?"]
[White "Lopez, Francisco"]
[Black "Petrosyan, Tigran"]
[Result "0-1"]
[WhiteElo "1778"]
[BlackElo "2452"]
[PlyCount "78"]
[EventDate "2020.??.??"]

1. d4 d5 2. c3 Nf6 3. Bg5 Ne4 4. Bf4 c5 5. e3 Nc6 6. Nd2 Nxd2 7. Qxd2 cxd4 8.
exd4 Bf5 9. Nf3 e6 10. Bd3 Bxd3 11. Qxd3 Be7 12. O-O O-O 13. Rfe1 a6 14. Re2
Rc8 15. Rae1 b5 16. a3 Na5 17. Ne5 Nc4 18. Qh3 a5 19. Qg4 b4 20. axb4 axb4 21.
Nxc4 Rxc4 22. Re3 bxc3 23. bxc3 Bf6 24. Rg3 Qa5 25. Qf3 Rfc8 26. Rd1 Rxc3 27.
Be3 Bxd4 28. Bxd4 Rxf3 29. Rxg7+ Kf8 30. gxf3 Qa4 31. Rd2 Qb4 32. Rd1 Qb3 33.
Rf1 Qxf3 34. Rg3 Qe4 35. Bg7+ Ke7 36. Bh6 Qf5 37. h3 d4 38. Kg2 Rc3 39. Rg4
Qf3+ 0-1

[Event "Seattle Seafair Open"]
[Site "Chess.com"]
[Date "2020.07.19"]
[Round "?"]
[White "Lugovskoy, Maxim"]
[Black "Raptis, Nick"]
[Result "0-1"]
[WhiteElo "2488"]
[BlackElo "2393"]
[PlyCount "102"]
[EventDate "2020.??.??"]

1. e4 e6 2. d4 d5 3. Nc3 Nf6 4. e5 Nfd7 5. f4 c5 6. Nf3 Nc6 7. Be3 a6 8. Qd2 b5
9. Be2 Qb6 10. Nd1 b4 11. Nf2 cxd4 12. Nxd4 Bc5 13. c3 a5 14. O-O O-O 15. Rfd1
Ba6 16. Bf3 Rab8 17. Kh1 Rfc8 18. Ng4 bxc3 19. bxc3 Qb2 20. Qe1 Bxd4 21. cxd4
Nb4 22. Qg3 Kh8 23. Rab1 Qxa2 24. h4 Bd3 25. Ra1 Qb3 26. h5 a4 27. h6 Rg8 28.
Rdc1 Nc2 29. Bd1 Qb2 30. Bxc2 Bxc2 31. Qf2 Bf5 32. hxg7+ Kxg7 33. Ra2 Qxf2 34.
Nxf2 Rb3 35. Bd2 Nb6 36. g4 Bg6 37. f5 exf5 38. Bg5 h6 39. Bf6+ Kh7 40. g5 a3
41. e6 Nc4 42. e7 Rb2 43. Rxb2 axb2 44. Re1 f4 45. e8=Q Rxe8 46. Rxe8 b1=Q+ 47.
Kh2 Be4 48. Rh8+ Kg6 49. Rxh6+ Kf5 50. Be7 Qc2 51. Rf6+ Kxg5 0-1

[Event "Seattle Seafair Open"]
[Site "Chess.com"]
[Date "2020.07.18"]
[Round "?"]
[White "Lugovskoy, Maxim"]
[Black "Wan, Bertrand"]
[Result "1-0"]
[WhiteElo "2488"]
[BlackElo "1705"]
[PlyCount "107"]
[EventDate "2020.??.??"]

1. d4 Nf6 2. Nc3 e6 3. Bf4 Be7 4. e4 d6 5. Nf3 Nbd7 6. e5 Nd5 7. Nxd5 exd5 8.
exd6 Bxd6 9. Bxd6 cxd6 10. Qe2+ Kf8 11. O-O-O g6 12. h4 h5 13. Ng5 Nf6 14. Qd2
Bf5 15. Bd3 Bxd3 16. Qxd3 Kg7 17. Rhe1 Qd7 18. f3 Rae8 19. c3 Rxe1 20. Rxe1 Re8
21. Re3 Rxe3 22. Qxe3 Qe8 23. Kd2 Qd7 24. Qf4 Ng8 25. b3 Nh6 26. Nh3 Qe6 27.
Nf2 Qf5 28. Nd3 Qxf4+ 29. Nxf4 Nf5 30. Ke2 Nxh4 31. Kf2 Nf5 32. Nxd5 Kf8 33. g4
hxg4 34. fxg4 Ng7 35. Kf3 Ne6 36. Ke3 Ng5 37. c4 a5 38. Kd3 Nh3 39. c5 Ke8 40.
Kc4 f5 41. gxf5 gxf5 42. Kb5 f4 43. Kb6 f3 44. Kxb7 Nf4 45. Ne3 f2 46. c6 Nd5
47. c7 Nxe3 48. c8=Q+ Ke7 49. Qc7+ Ke8 50. Qc6+ Ke7 51. Qe4+ Kd7 52. Qh7+ Ke8
53. Qh5+ Kd7 54. Qf7+ 1-0

[Event "Seattle Seafair Open"]
[Site "Chess.com"]
[Date "2020.07.18"]
[Round "?"]
[White "Malakar, Saarthak"]
[Black "Zhuang, Kyle"]
[Result "0-1"]
[WhiteElo "1270"]
[BlackElo "1637"]
[PlyCount "134"]
[EventDate "2020.??.??"]

1. d4 Nf6 2. c4 g6 3. Nc3 Bg7 4. e4 d6 5. f4 O-O 6. Nf3 c5 7. d5 e6 8. Be2 exd5
9. exd5 Re8 10. O-O a6 11. Bd3 Nbd7 12. Bd2 Rb8 13. Qc2 Nf8 14. Rae1 Bd7 15. a4
Qc7 16. f5 Rxe1 17. Rxe1 Re8 18. fxg6 fxg6 19. Ne4 Nxe4 20. Rxe4 Rxe4 21. Bxe4
b5 22. axb5 axb5 23. cxb5 Bxb5 24. Bc3 Bh6 25. Bd2 Bxd2 26. Qxd2 Qa7 27. Qc3
Qa4 28. Bc2 Qf4 29. Bb3 Qe4 30. Qe1 Qxe1+ 31. Nxe1 Nd7 32. Kf2 Nf6 33. Ba2 c4
34. b3 Ne4+ 35. Ke3 Nc3 36. bxc4 Ba4 37. c5 Nxa2 38. c6 Nc3 39. Kd4 Na2 40. Kc4
Kf8 41. Nd3 Ke7 42. Nb2 Bc2 43. Kb5 Be4 44. c7 Kd7 45. c8=Q+ Kxc8 46. Kc6 Bxg2
47. Kxd6 Nc3 48. Ke7 Nxd5+ 49. Kf7 Nf4 50. Kg7 h5 51. Kh6 Be4 52. Nc4 Kd7 53.
Ne5+ Ke6 54. Nxg6 Bxg6 55. Kg5 Ke5 56. h3 Ke4 57. Kh4 Bf5 58. Kg5 Bxh3 59. Kh4
Bf1 60. Kg3 Ng6 61. Kh2 h4 62. Kg1 Be2 63. Kh2 Kf3 64. Kh3 Bf1+ 65. Kh2 Ne5 66.
Kh1 Kf2 67. Kh2 Nf3+ 0-1

[Event "Seattle Seafair Open"]
[Site "Chess.com"]
[Date "2020.07.19"]
[Round "?"]
[White "Malakar, Saarthak"]
[Black "Jones, Davey"]
[Result "1-0"]
[WhiteElo "1270"]
[BlackElo "1819"]
[PlyCount "113"]
[EventDate "2020.??.??"]

1. b3 e5 2. Bb2 d6 3. e3 Nf6 4. Nf3 g6 5. c4 Bg7 6. d4 exd4 7. Nxd4 O-O 8. Bd3
d5 9. O-O Nbd7 10. Nd2 Re8 11. Nc2 Nc5 12. Be2 c6 13. Bf3 Bf5 14. Nd4 Nd3 15.
Bc3 Ne4 16. Nxe4 dxe4 17. Be2 c5 18. Nb5 Ne5 19. Qxd8 Rexd8 20. Nc7 Rac8 21.
Nd5 Be6 22. Ne7+ Kf8 23. Nxc8 Bxc8 24. Bxe5 Bxe5 25. Rad1 Rxd1 26. Rxd1 Ke7 27.
f4 exf3 28. Bxf3 b6 29. Bd5 Bg4 30. Rf1 f6 31. h3 Be2 32. Rf2 Bd3 33. g4 f5 34.
gxf5 Bxf5 35. Kg2 a6 36. e4 Be6 37. Bxe6 Kxe6 38. Kf3 b5 39. cxb5 axb5 40. Rc2
Bd4 41. a4 Kd6 42. axb5 Kc7 43. b4 Kb6 44. bxc5+ Bxc5 45. Rxc5 Kxc5 46. b6 Kxb6
47. Kf4 Kc6 48. Ke5 Kd7 49. Kf6 Ke8 50. Kg7 Ke7 51. Kxh7 Kf7 52. Kh6 Kf6 53.
e5+ Kf5 54. e6 Kf6 55. h4 g5 56. hxg5+ Kxe6 57. Kh7 1-0

[Event "Seattle Seafair Open"]
[Site "Chess.com"]
[Date "2020.07.18"]
[Round "?"]
[White "Malakar, Saarthak"]
[Black "McConnell, Griffin"]
[Result "0-1"]
[WhiteElo "1270"]
[BlackElo "2051"]
[PlyCount "106"]
[EventDate "2020.??.??"]

1. b3 e5 2. Bb2 Nc6 3. e3 d6 4. c4 f5 5. f4 g6 6. Nf3 Bg7 7. Be2 Nge7 8. O-O
O-O 9. Ng5 h6 10. Nf3 Be6 11. d4 e4 12. Ne1 a5 13. Nc3 d5 14. c5 Bf7 15. h4 Kh7
16. h5 g5 17. fxg5 hxg5 18. g4 Be6 19. Ng2 Qd7 20. gxf5 Nxf5 21. Rf2 Kh6 22.
Kf1 Ng3+ 23. Ke1 Rxf2 24. Kxf2 Nxe2 25. Nxe2 Rf8+ 26. Kg1 Bh3 27. Ng3 Rf3 28.
Nf1 Bxg2 29. Kxg2 Qg4+ 30. Kh1 Qh3+ 31. Kg1 Nb4 32. Qe2 Nd3 33. Qh2 Qg4+ 34.
Qg2 Qxg2+ 35. Kxg2 Nxb2 36. Nd2 Rf8 37. a3 c6 38. b4 a4 39. Rh1 Nd3 40. Nf1
Ne1+ 41. Kg3 Rf3+ 42. Kg4 Nc2 43. Ng3 Nxe3+ 44. Kh3 Nf5 45. Kg2 Rxg3+ 46. Kf2
Bxd4+ 47. Ke2 Rg2+ 48. Kd1 Rg1+ 49. Rxg1 Bxg1 50. b5 Bxc5 51. b6 g4 52. Ke2 g3
53. Kf1 Nh4 0-1

[Event "Seattle Seafair Open"]
[Site "Chess.com"]
[Date "2020.07.18"]
[Round "?"]
[White "Martiniz Alcantara, Jose"]
[Black "Tien, Sophie"]
[Result "1-0"]
[WhiteElo "2692"]
[BlackElo "1916"]
[PlyCount "85"]
[EventDate "2020.??.??"]

1. e4 e5 2. Nf3 Nc6 3. Bb5 a6 4. Ba4 d6 5. c3 Bd7 6. d4 g6 7. O-O Bg7 8. Be3
Nge7 9. dxe5 dxe5 10. Bc5 Nb8 11. Nbd2 O-O 12. Bb3 Kh8 13. a4 h6 14. Re1 Nbc6
15. Nc4 b6 16. Ba3 Qe8 17. h3 Rd8 18. Qe2 Be6 19. Ncd2 Bxb3 20. Nxb3 f5 21.
Qxa6 Rf7 22. Qc4 f4 23. Rad1 Rxd1 24. Rxd1 Bf6 25. Qe6 Kg7 26. Nc1 g5 27. Nd3
Nd8 28. Qc4 Ng6 29. Qb5 Qxb5 30. axb5 Ne6 31. Nb4 h5 32. Nh2 Nc5 33. f3 Be7 34.
Nc6 Bd6 35. Nf1 Ne7 36. Nd2 Kf6 37. Nc4 Nc8 38. Nxd6 cxd6 39. Bxc5 dxc5 40. Rd8
Rc7 41. Rh8 h4 42. Kf1 Kf7 43. Rh7+ 1-0

[Event "Seattle Seafair Open"]
[Site "Chess.com"]
[Date "2020.07.19"]
[Round "?"]
[White "McConnell, Griffin"]
[Black "Martiniz Alcantara, Jose"]
[Result "0-1"]
[WhiteElo "2051"]
[BlackElo "2692"]
[PlyCount "122"]
[EventDate "2020.??.??"]

1. e4 e5 2. Nf3 Nc6 3. Bb5 a6 4. Ba4 Nf6 5. d3 d6 6. h3 b5 7. Bb3 Na5 8. Nbd2
Be7 9. c3 Nxb3 10. Nxb3 c5 11. O-O O-O 12. Re1 Bb7 13. Nbd2 Re8 14. c4 g6 15.
b3 Nh5 16. Nf1 Ng7 17. Ne3 f5 18. Nd5 Rf8 19. Bh6 Rf7 20. Nxe7+ Qxe7 21. Bxg7
Kxg7 22. Nd2 Qf6 23. Qe2 Raf8 24. f3 b4 25. Rf1 h5 26. Rf2 Qh4 27. Raf1 f4 28.
Qe1 Qd8 29. Nb1 g5 30. Rd2 Bc8 31. Kf2 a5 32. Rd1 a4 33. Nd2 Ra7 34. Ke2 Bd7
35. Rh1 Qf6 36. Qf2 Rfa8 37. Rhe1 axb3 38. axb3 Ra2 39. Qg1 g4 40. hxg4 hxg4
41. Ra1 Qg5 42. Rxa2 Rxa2 43. Rb1 Be6 44. Qh1 Ra8 45. Kd1 Rh8 46. Qf1 Rh2 47.
Qg1 Qh4 48. Kc2 Qg3 49. Ra1 Qxg2 50. Qxg2 Rxg2 51. fxg4 Bxg4 52. Ra6 f3 53.
Rxd6 f2 54. Nf1 Rg1 55. Kd2 Rxf1 56. Ke3 Bd1 57. Rc6 Bxb3 58. Rxc5 Ba2 59. Rxe5
b3 60. Rb5 Rc1 61. Kxf2 Rc2+ 0-1

[Event "Seattle Seafair Open"]
[Site "Chess.com"]
[Date "2020.07.18"]
[Round "?"]
[White "McConnell, Griffin"]
[Black "Roesch, Carson"]
[Result "1-0"]
[WhiteElo "2051"]
[BlackElo "1519"]
[PlyCount "129"]
[EventDate "2020.??.??"]

1. e4 c5 2. Nc3 d6 3. f4 Nc6 4. Nf3 e5 5. Bb5 Bg4 6. O-O Nf6 7. d3 Be7 8. h3
Bxf3 9. Qxf3 O-O 10. Bxc6 bxc6 11. fxe5 dxe5 12. Qg3 Qd6 13. Nd1 g6 14. Ne3 Nh5
15. Qf3 Qd4 16. Kh1 Bh4 17. Nf5 Qd8 18. Bh6 Re8 19. Nxh4 Qxh4 20. Qxf7+ Kh8 21.
Rf3 Ng3+ 22. Rxg3 Qxh6 23. Qf6+ Qg7 24. Qxg7+ Kxg7 25. Rf3 Rf8 26. Raf1 Rxf3
27. Rxf3 Rd8 28. Kg1 c4 29. Kf2 cxd3 30. cxd3 Rf8 31. Rxf8 Kxf8 32. Ke3 c5 33.
Kd2 Ke7 34. Kc3 Kd6 35. Kc4 Kc6 36. b4 cxb4 37. Kxb4 g5 38. Kc4 h6 39. g4 a6
40. d4 exd4 41. Kxd4 Kd6 42. e5+ Ke7 43. a4 Ke6 44. a5 Ke7 45. Kc5 Ke6 46. Kb6
Kxe5 47. Kxa6 Kf4 48. Kb6 Kg3 49. a6 Kxh3 50. a7 Kxg4 51. a8=Q h5 52. Qg2+ Kf4
53. Kc5 g4 54. Kd4 g3 55. Qe4+ Kg5 56. Ke3 h4 57. Kf3 Kh5 58. Qg4+ Kh6 59.
Qxh4+ Kg6 60. Qxg3+ Kf6 61. Ke4 Kf7 62. Kf5 Ke7 63. Qc7+ Kf8 64. Kf6 Kg8 65.
Qg7# 1-0

[Event "Seattle Seafair Open"]
[Site "Chess.com"]
[Date "2020.07.19"]
[Round "?"]
[White "McConnell, Sullivan"]
[Black "Moore, Michael"]
[Result "0-1"]
[WhiteElo "2224"]
[BlackElo "1950"]
[PlyCount "96"]
[EventDate "2020.??.??"]

1. e4 c5 2. Nc3 d6 3. f4 g6 4. Nf3 Bg7 5. Bb5+ Bd7 6. O-O Bxb5 7. Nxb5 a6 8.
Nc3 Nc6 9. d3 Nf6 10. Qe1 e6 11. a3 O-O 12. Qh4 Nd7 13. Qg3 Nd4 14. Nxd4 cxd4
15. Nd1 Rc8 16. Rf2 Qa5 17. Bd2 Qb6 18. Rc1 f5 19. b4 e5 20. Nb2 d5 21. exf5 e4
22. Re2 gxf5 23. Be1 Rc6 24. Kf1 Qc7 25. h3 Kh8 26. Qf2 Rc8 27. g3 Rh6 28. Qg2
Bf6 29. Rd1 Nf8 30. Na4 Ne6 31. Nc5 Nxc5 32. bxc5 Qxc5 33. dxe4 dxe4 34. Bb4
Qb5 35. g4 Rxc2 36. g5 Rxh3 37. Rde1 Rf3+ 38. Kg1 Rxe2 39. Rxe2 Bg7 40. Rc2 Qd7
41. Ba5 Rxf4 42. Rc7 Qd8 43. Rc5 b6 44. Bxb6 Qxb6 45. Rc8+ Bf8 46. Rxf8+ Kg7
47. g6 Qb1+ 48. Kh2 Rh4+ 0-1

[Event "Seattle Seafair Open"]
[Site "Chess.com"]
[Date "2020.07.18"]
[Round "?"]
[White "McConnell, Sullivan"]
[Black "Li, Edward"]
[Result "1-0"]
[WhiteElo "2224"]
[BlackElo "1595"]
[PlyCount "85"]
[EventDate "2020.??.??"]

1. e4 e5 2. Nf3 Nc6 3. Bb5 a6 4. Ba4 d6 5. h3 Bd7 6. d3 h6 7. c3 g6 8. Be3 Bg7
9. Nbd2 Nge7 10. Nf1 b5 11. Bb3 Qc8 12. Qc1 Be6 13. Ng3 f6 14. Nh4 a5 15. O-O
Bxh3 16. gxh3 Qxh3 17. Ng2 f5 18. exf5 gxf5 19. Qd1 h5 20. Be6 Nd8 21. Qf3 e4
22. dxe4 Nxe6 23. exf5 O-O 24. Qe4 Be5 25. fxe6 h4 26. Qxh4 Qxe6 27. f4 Bf6 28.
Qh5 Rf7 29. Rae1 Rh7 30. Qf3 Rf8 31. Nh5 Qf5 32. Ng3 Qg6 33. f5 Qf7 34. Bd4
Bxd4+ 35. cxd4 Qc4 36. Re4 Nc6 37. b3 Qf7 38. Rg4+ Rg7 39. Rxg7+ Qxg7 40. f6
Qg6 41. Qxc6 Qxg3 42. Qd5+ Rf7 43. Rf5 1-0

[Event "Seattle Seafair Open"]
[Site "Chess.com"]
[Date "2020.07.18"]
[Round "?"]
[White "Moore, Michael"]
[Black "Bunch, Drew"]
[Result "1/2-1/2"]
[WhiteElo "1950"]
[BlackElo "1169"]
[PlyCount "127"]
[EventDate "2020.??.??"]

1. Nf3 Nf6 2. g3 d5 3. Bg2 Bf5 4. O-O e6 5. c4 h6 6. Nc3 Bb4 7. Nd4 Bg6 8. Qa4+
Nbd7 9. Qxb4 c5 10. Qa3 cxd4 11. Nb5 Qb6 12. Nd6+ Kf8 13. Nxb7+ Kg8 14. Na5 d3
15. exd3 Ne5 16. c5 Qb5 17. d4 Nd3 18. Qc3 Rb8 19. a4 Qa6 20. f3 Rb4 21. Nb3
Kh7 22. Rd1 Rhb8 23. Ra3 Rc4 24. Qa5 Qxa5 25. Nxa5 Rxc1 26. Rxc1 Nxc1 27. c6
Rc8 28. b4 a6 29. Bf1 Ne8 30. Bxa6 Rb8 31. Rc3 Rxb4 32. Rxc1 Rxa4 33. Rc5 Nc7
34. Be2 Ra2 35. Nb7 Rxd2 36. Kf2 Rxd4 37. Nd6 Ra4 38. Nb5 Ra5 39. Rc1 Rxb5 40.
Bxb5 Nxb5 41. c7 Nxc7 42. Rxc7 f6 43. Rd7 Kg8 44. Ke3 Kf8 45. Kd4 Bf7 46. Kc5
g5 47. Kd6 e5 48. Rd8+ Kg7 49. Ke7 f5 50. Rf8 Bg6 51. Rf6 e4 52. f4 d4 53. g4
gxf4 54. gxf5 Bh5 55. Rd6 d3 56. f6+ Kh7 57. f7 Bxf7 58. Kxf7 f3 59. Kf6 h5 60.
Rd7+ Kh6 61. Rd8 Kh7 62. Rd7+ Kh6 63. Rd8 Kh7 64. Rd7+ 1/2-1/2